Retail trends & opportunities (Record no. 110579)
[ view plain ]
| 000 -LEADER | |
|---|---|
| fixed length control field | 01171cad a22002295a 4500 |
| 001 - CONTROL NUMBER | |
| control field | E149650 |
| 008 - FIXED-LENGTH DATA ELEMENTS--GENERAL INFORMATION | |
| fixed length control field | 100331s2010 xxkad f s 000 0 eng d |
| 035 ## - SYSTEM CONTROL NUMBER | |
| System control number | (Sirsi) u149650 |
| 041 0# - LANGUAGE CODE | |
| Language code of text/sound track or separate title | eng |
| 050 04 - LIBRARY OF CONGRESS CALL NUMBER | |
| Classification number | 333.33 $2 18 |
| 110 2# - MAIN ENTRY--CORPORATE NAME | |
| Corporate name or jurisdiction name as entry element | Colliers CRE |
| 9 (RLIN) | 5075 |
| 245 00 - TITLE STATEMENT | |
| Title | Retail trends & opportunities |
| Remainder of title | USA, 2010 |
| Medium | [electronic resource] |
| 260 ## - PUBLICATION, DISTRIBUTION, ETC. | |
| Place of publication, distribution, etc. | [S.l.] |
| Name of publisher, distributor, etc. | Colliers |
| Date of publication, distribution, etc. | 2010 |
| 490 #0 - SERIES STATEMENT | |
| Series statement | Colliers Retail Trends and Opportunities |
| Volume/sequential designation | 2010 |
| 520 ## - SUMMARY, ETC. | |
| Summary, etc. | Suggests that consumer confidence is improving, however the expected minimal growth in employment in 2010 will hold back confidence to some extent. Predicts that the leasing market will improve in 2010 and that investment activity will also rise. Most activity is concentrated in top quality locations. |
| 590 ## - LOCAL NOTE (RLIN) | |
| Local note | KA |
| 650 24 - SUBJECT ADDED ENTRY--TOPICAL TERM | |
| Topical term or geographic name entry element | COLLIERS RETAIL TRENDS AND OPPORTUNITIES |
| 651 #4 - SUBJECT ADDED ENTRY--GEOGRAPHIC NAME | |
| Geographic name | United States |
| Chronological subdivision | 1959- |
| 690 ## - LOCAL SUBJECT ADDED ENTRY--TOPICAL TERM (OCLC, RLIN) | |
| Topical term or geographic name as entry element | PROPERTY-COMMERCIAL PROPERTY-COMMERCIAL PROPERTY MARKET |
| 856 40 - ELECTRONIC LOCATION AND ACCESS | |
| Uniform Resource Identifier | <a href="https://www.colliers.com/Content/Repositories/Base/Markets/USA/English/Market_Report/PDFs/Colliers_USARetailTrendsOpportunities2010_final.pdf">https://www.colliers.com/Content/Repositories/Base/Markets/USA/English/Market_Report/PDFs/Colliers_USARetailTrendsOpportunities2010_final.pdf</a> |
| Public note | View the report free of charge (PDF file) at www.colliers.com |
| 942 ## - ADDED ENTRY ELEMENTS (KOHA) | |
| Suppress in OPAC | 0 |
| Withdrawn status | Lost status | Source of classification or shelving scheme | Damaged status | Not for loan | Home library | Current library | Shelving location | Date acquired | Total Checkouts | Full call number | Barcode | Date last seen | Copy number | Price effective from | Koha item type |
|---|---|---|---|---|---|---|---|---|---|---|---|---|---|---|---|
| Dewey Decimal Classification | Virtual | Virtual | Online | 31/03/2010 | ONLINE PUBLICATION | 149650-2001 | 06/08/2019 | 1 | 06/08/2019 | Book |